Analysis of numerical methods /
Guardado en:
| Autor Principal: | |
|---|---|
| Otros Autores: | |
| Formato: | Libro |
| Idioma: | English |
| Publicado: |
New York :
Wiley,
c1966.
|
| Materias: | |
| Etiquetas: |
Agregar Etiqueta
Sin Etiquetas, Sea el primero en etiquetar este registro!
|
| LEADER | 00808nam a22002415a 4500 | ||
|---|---|---|---|
| 001 | EIQ.libpla001215 | ||
| 008 | 731212s1966####nyua#####b####001#0#eng#d | ||
| 005 | 20060822161900.0 | ||
| 245 | 1 | 0 | |a Analysis of numerical methods / |c [by] Eugene Isaacson [and] Herbert Bishop Keller. |
| 260 | |a New York : |b Wiley, |c c1966. | ||
| 300 | |a xv, 541 p. : |b il. ; |c 24 cm. | ||
| 500 | |a Incluye índice. | ||
| 504 | |a Bibliografía: p. 531-533. | ||
| 100 | 1 | |a Isaacson, Eugene. | |
| 700 | 1 | |a Keller, Herbert Bishop. | |
| 082 | 0 | 0 | |a 517.6 |
| 650 | 4 | |a Métodos numéricos |x Análisis. | |
| 650 | 4 | |a Matemática |x Métodos numéricos. | |
| 650 | 4 | |a Numerical methods |x Analysis. | |
| 650 | 4 | |a Matematics |x Numerical analysis. | |
| 010 | |a 66017630 | ||
| 040 | |a DLC |c DLC |d AR-BbSID | ||
| 859 | |a AR-BbSID |b BIB. PLAPIQUI |h 511.7 |i Is 1 |p 172 | ||
